Hinos dos 16 maiores clubes do Brasil em 1 imagem - Statistics

Estatísticas Gerais
  • Esse quiz foi jogado 65 vezes
  • A pontuação média é 8 de 16
Estatísticas das Respostas
Imagem Resposta % Correto
Vasco da Gama (Tu tens o nome de um heroico português, Vasco da Gama tua fama assim se fez)
81%
Flamengo (Na regata, ele me mata Me maltrata, me arrebata Que emoção no coração!)
71%
Grêmio (Até a pé nós iremos Para o que der e vier Mas o certo é que nós estaremos Com o Grêmio, onde o Grêmio estiver)
66%
Atlético Mineiro (Nós somos campeões do gelo, o nosso time é imortal)
55%
Palmeiras (Quando surge o Alviverde imponente No gramado em que a luta o aguarda Sabe bem o que vem pela frente Que a dureza do prélio não tarda)
55%
Santos (Dentro ou fora do alçapão, jogue o que jogar, és o leão do mar, salve o nosso campeão)
53%
Botafogo (A estrada dos louros: um facho de luz - tua estrela solitária te conduz)
47%
Corinthians (Figuras entre os primeiros Do nosso esporte bretão)
47%
São Paulo (São teus guias brasileiros Que te amam ternamente De São Paulo tens o nome Que ostentas dignamente)
45%
Cruzeiro (Eu vivo cheio de vaidade, pois na realidade é um grande campeão)
41%
Internacional (Colorado de ases celeiro Teus astros cintilam num céu sempre azul)
41%
Sport (Pois rubro-negras são As cores que abracei E o abraço, de tão forte, Não tem separação)
41%
Fluminense [Hino oficial] (Nossas bolas são nossa metralha Um bom goal, nosso tiro de morte)
34%
Bahia (Somos a voz do campeão Somos do povo, o clamor Ninguém nos vence em vibração Vamos avante esquadrão Vamos serás o vencedor Vamos conquistar mais um tento)
33%
Coritiba (Lá no alto de tantas glórias Brilhou, brilhou um novo Sol Clareando com seus raios verde e branco)
29%
Athlético Paranaense (Vamos marchar, sempre cantando o hino do Furacão)
28%
Nenhum quiz correspondente encontrado
Distribuição das Pontuações
Porcentagem de Pessoas com Cada Pontuação
Percentil de Números Respondidos
Sua Pontuação Histórica
Você não jogou esse quiz